Stati attraversati dal 90° Meridiano Est - Statistics

Statistiche generali
  • Questo quiz è stato fatto 13 volte
  • Il punteggio medio è 5 su 6
Statistiche sulle risposte
Continente Stato % Corretto
Asia Cina
100%
Asia / Europa Russia
100%
Asia Mongolia
92%
Asia India
77%
Asia Bhutan
54%
Asia Bangladesh
46%
Nessun quiz corrispondente trovato
Distribuzione punteggi
Percentuale di utenti per punteggio
Percentile per numero di risposta
I tuoi punteggi nel tempo
Non hai fatto questo quiz